007140000a22001690004500020001800000041000800018082001600026100003700042245014800079260003700227300001500264505017100279001000600450336002700456337003300483338002800516 a958-655-777-40 aSPA04aG 378 G152c1 aGaleano Londoño, José Ramiro10aCómo gestionar la calidad en la educación : Un texto para la creación y la sostenibilidad de la calidad / José Ramiro Galeano Londoño aMedellín : Univ. de Antioquia a295 Pág.00a- Acreditación previa, estándares de calidad y registro calificado - La reforma del pensamiento en la gestión educativa - Gestión de la docencia investigativa13769 atextobtxt2rdacontent 2rdamediaasin mediaciónbn 2rdacarrieravolumenbnc